|
|
|
|
| LEADER |
00997nam a2200241 a 4500 |
| 001 |
750915 |
| 008 |
130422r2003 nyua b 000 0 eng d |
| 010 |
|
|
|a 63007655
|
| 020 |
|
|
|a 8122900054
|
| 040 |
|
|
|a DLC
|c DLC
|d DLC
|d BD-DhAAL
|
| 082 |
0 |
0 |
|a 320.82
|2 22
|
| 100 |
1 |
|
|a Eckstein, Harry,
|e ed.
|
| 245 |
1 |
0 |
|a Comparative politics :
|b a reader.
|c Edited by Harry Eckstein and David E. Apter.
|
| 260 |
|
|
|a New York :
|b Free Press of Glencoe ;
|a Delhi :
|b Surjeet Publications,
|c 2003 [Second Indian Reprint]
|
| 300 |
|
|
|a xii, 746 p. :
|b illus. ;
|c 26 cm.
|
| 504 |
|
|
|a Includes bibliography [p.741-746]
|
| 541 |
|
|
|e 00026857
|
| 650 |
|
0 |
|a Political science.
|
| 650 |
|
0 |
|a Comparative government.
|
| 700 |
1 |
|
|a Apter, David E.
|q (David Ernest),
|d 1924-2010,
|e joint ed.
|
| 852 |
1 |
|
|a Ayesha Abed Library
|c General shelf.
|
| 999 |
|
|
|c 13358
|d 13358
|
| 952 |
|
|
|0 0
|1 0
|2 ddc
|4 0
|6 320_820000000000000_ECK
|7 0
|9 22264
|a IGS
|b IGS
|c GEN
|d 2012-04-27
|e Mullick & Brothers
|g 450.00
|l 0
|o 320.82 ECK
|p 3010026857
|r 2013-04-28
|t 1
|w 2012-04-27
|y BK
|